Word Ladder: '60s & '70s Music Duo Quiz Stats

 Plays Quiz Updated Oct 21, 2014

Challenge
Share
Tweet
Embed
Score 0/25 Timer 03:00
2 Plays Today
Clue 4-Letter Word % Correct
•Ex-wife of Sonny [Rung 25]••CHER•
95.9%
Part of an appleCORE
95.5%
Wine stopperCORK
95%
Dime or nickel, e.g.COIN
94.1%
•Song: 'I Got You ____'••BABE•
93.3%
Person in an apronCOOK
92.5%
Goatee's localeCHIN
92.3%
Tibia or fibula, e.g.BONE
91.3%
NakedBARE
91%
ScorchCHAR
88.6%
Health or Medi followerCARE
85.2%
•Album: '____ at Us'••LOOK•
85.2%
•Song: '____ Don't Go'••BABY•
84.9%
Clue 4-Letter Word % Correct
•Sonny ____, ex-husband of [Rung 1]••BONO•
84.5%
Garden accessGATE
83.2%
Quality of musicTONE
83%
____ Coleman, 'Diff'rent Strokes' actorGARY
82.7%
Short for small North American mammalCOON
76.8%
Carry or haul aroundTOTE
75.7%
Foolish personLOON
75.5%
____ Hoffmann, American actressGABY
75%
London Gallery, ___ ModernTATE
73.7%
French rail stationGARE
72.8%
•Son of [Rung 1] and Sonny [Rung 25]••CHAZ•
69.4%
Swiz or swindle (Slang)CHIZ
63.3%

Today's Daily Dose

Missing Word
Orlando Bloom

Quick Pick
November Things

On This Day
November 15th II

You're not logged in!

Compare scores with friends on all Sporcle quizzes.
Join for Free
OR
Log In

You Might Also Like...

Show Comments

Extras

Top Quizzes Today


Score Distribution

Your Account Isn't Verified!

In order to create a playlist on Sporcle, you need to verify the email address you used during registration. Go to your Sporcle Settings to finish the process.

Report this User

Report this user for behavior that violates our Community Guidelines.

Details: